banner-ar

A BRIEF HISTORY OF TIME : (Record no. 5885)

MARC details
000 -الفاتح
حقل البيانات ثابتة الطول 00570nam a2200205Ia 4500
008 - عناصر البيانات ثابتة الطول - معلومات عامة
حقل البيانات ثابتة الطول 140319s9999 xx 000 0 eng d
020 ## - الرقم الدولى المعيارى للكتب
الرقم الدولى المعيارى للكتاب 055305340X
040 ## - مصدر الفهرسة
وكالة الفهرسة الأصلية GCL /
وكالة النسخ GCL
082 04 - رقم تصنيف ديوى العشرى
رقم التصنيف 523.1
رقم المادة H A
100 1# - المدخل الرئيسى - إسم شخصى
الإسم الشخصى HAWKING, STEPHEN W.
245 10 - بيان العنوان
العنوان A BRIEF HISTORY OF TIME :
بقية العنوان FROM THE BIG BANG TO BLACK HOLES /
بيان المسئوليه,etc HAWKING, STEPHEN W.
700 1# - المدخل الاضافى - اسم شخصى
الإسم الشخصى SAGAN, CARL
700 1# - المدخل الاضافى - اسم شخصى
الإسم الشخصى MILLER, RON
260 ## - PUBLICATION, DISTRIBUTION, ETC. (IMPRINT)
تاريخ النشر أو التوزيع 1988
300 ## - الوصف المادى
التعداد 198 P
تفاصيل ماديه اخرى للوعاء ILL. ؛
أبعاد الوعاء 24 cm.
650 04 - المدخل الاضافى بالموضوع-مصطلح موضوعى
مصطلح موضوعي ASTRONOMY
650 04 - المدخل الاضافى بالموضوع-مصطلح موضوعى
مصطلح موضوعي GALAXIES
942 ## - عناصر المدخل الإضافي( كوها)
مصدر التصنيف او مخطط الترفيف Dewey Decimal Classification
Koha [default] item type كتاب
260 ## - PUBLICATION, DISTRIBUTION, ETC. (IMPRINT)
-- نيويورك :
-- BANTAM BOOKS ،
Holdings
حالة التراجع حالة الفقد حالة تلف ليس للاعارة المكان المؤقت الموقع الحالى تاريخ الاكتساب اجمالي اﻻعارات رقم الطلب الباركود تاريخ اخر مشاهدة تاريخ تفعيل السعر نوع وعاء كوها
        مكتبة القاهرة الكبرى مكتبة القاهرة الكبرى 03/26/2014   523.1\H A 12415 03/26/2014 03/26/2014 كتاب
        مكتبة القاهرة الكبرى مكتبة القاهرة الكبرى 03/26/2014   523.1\H A 12416 03/26/2014 03/26/2014 كتاب

Powered By

EGPV